000 00281nam a22001217a 4500
008 171024b xxu||||| |||| 00| 0 eng d
041 _aeng
080 _211TH
_a311
100 _a55
101 _aSTA
245 _aSTATISTICS FOR BUSINESS AND ECONOMICS
_cANDERSON
942 _2udc
_cBK
999 _c35764
_d35764